[Event "V Torneo Sudamericano Sub-20, Absoluto"]
[Site "Cochabamba"]
[Date "2009.04.10"]
[Round "5"]
[White "Mendoza, Rodrigo"]
[Black "Peña, Hugo"]
[Result "1/2-1/2"]
[WhiteElo "1924"]
[BlackElo "2111"]
[PlyCount "79"]
[EventType "tourn"]
[EventCountry "BOL"]
[SourceDate "2009.04.08"]

1. d4 d6 2. Nf3 Nf6 3. c4 g6 4. Nc3 Bg7 5. e4 O-O 6. Be2 e5 7. d5 a5 8. Be3 h6
9. Nd2 Na6 10. a3 Bd7 11. Rb1 Ne8 12. f3 f5 13. b4 axb4 14. axb4 Qh4+ 15. g3
Qe7 16. Bf2 h5 17. c5 Nf6 18. Qb3 Kh8 19. Bxa6 bxa6 20. c6 Bc8 21. Ra1 Bh6 22.
Qc2 Rb8 23. Ra4 fxe4 24. Ndxe4 Nxe4 25. fxe4 Bh3 26. Qe2 Qg5 27. Nd1 Bg4 28.
Qd3 Bxd1 29. Qxd1 Rxf2 30. Kxf2 Qe3+ 31. Kg2 Qxe4+ 32. Kh3 Qf5+ 33. Kg2 Qe4+
34. Kh3 Rf8 35. Rf1 Rxf1 36. Qxf1 Qg4+ 37. Kg2 Qe4+ 38. Kh3 Qg4+ 39. Kg2 Qe4+
40. Kh3 1/2-1/2

[Event "V Torneo Sudamericano Sub-20, Absoluto"]
[Site "Cochabamba"]
[Date "2009.04.10"]
[Round "5"]
[White "Rozo, Paulo"]
[Black "Diaz, Ciro"]
[Result "0-1"]
[WhiteElo "1924"]
[BlackElo "2347"]
[PlyCount "90"]
[EventType "tourn"]
[EventCountry "BOL"]
[SourceDate "2009.04.08"]

1. e4 c5 2. c3 Qa5 3. Nf3 Nc6 4. Be2 Nf6 5. d3 d5 6. Nbd2 e5 7. O-O Be7 8. exd5
Nxd5 9. Nc4 Qc7 10. Ne3 Nf6 11. b3 O-O 12. Bb2 Re8 13. Qc2 Bf8 14. Nd2 Be6 15.
Bf3 Rad8 16. Rad1 h6 17. Rfe1 Rd7 18. Ndc4 g6 19. Bxc6 bxc6 20. Nd2 Nh7 21. Nf3
Bd5 22. Qe2 Bg7 23. Nd2 f5 24. Ba3 Ng5 25. c4 Bf7 26. Nf3 Ne6 27. Nc2 Nd4 28.
Ncxd4 cxd4 29. Bc5 g5 30. Nd2 Bg6 31. f3 h5 32. Qf2 g4 33. fxg4 hxg4 34. Qg3
Bh6 35. Nf1 Rh7 36. Qf2 Qd7 37. Re2 f4 38. g3 Rf7 39. Rde1 Bxd3 40. Re4 Bxe4
41. Rxe4 fxg3 42. Qxg3 Rxf1+ 43. Kg2 Bf4 44. Qh4 Qf5 45. Re2 Be3 0-1

[Event "V Torneo Sudamericano Sub-20, Absoluto"]
[Site "Cochabamba"]
[Date "2009.04.10"]
[Round "5"]
[White "Espinoza, Willian"]
[Black "Carlo, Daniel"]
[Result "1-0"]
[WhiteElo "2281"]
[BlackElo "2116"]
[PlyCount "113"]
[EventType "tourn"]
[EventCountry "BOL"]
[SourceDate "2009.04.08"]

1. e4 d5 2. exd5 Qxd5 3. Nc3 Qd6 4. d4 Nf6 5. Nf3 c6 6. Be3 Bf5 7. Qd2 Nd5 8.
Nxd5 Qxd5 9. c4 Qd8 10. Be2 e6 11. O-O Be7 12. Rfd1 O-O 13. Bf4 Nd7 14. Qc3 Nf6
15. Ne5 a5 16. a3 a4 17. Bf3 Qb6 18. g4 Bg6 19. g5 Nh5 20. Nd7 Qd8 21. Nxf8
Kxf8 22. Bxh5 Bxh5 23. Rd3 Bxg5 24. Bxg5 Qxg5+ 25. Rg3 Qa5 26. Qxa5 Rxa5 27.
Kf1 Bg6 28. Ke2 Rh5 29. h3 Bf5 30. Kd2 Bxh3 31. Rh1 Bg4 32. Rxh5 Bxh5 33. Rg5
Bf3 34. Ra5 b5 35. cxb5 cxb5 36. Rxb5 Bd5 37. Ke3 Ke7 38. Kf4 Kf6 39. Kg4 h6
40. b4 axb3 41. a4 Bc6 42. Rb4 Ke7 43. a5 f5+ 44. Kh4 g5+ 45. Kh5 g4 46. a6 Kd6
47. Rxb3 Kd5 48. a7 Kxd4 49. Rb6 Bf3 50. Kxh6 f4 51. Kg5 g3 52. Kxf4 gxf2 53.
Rb1 Bd5 54. Kg3 Ke3 55. Rf1 e5 56. Rxf2 e4 57. Rf8 1-0

[Event "V Torneo Sudamericano Sub-20, Absoluto"]
[Site "Cochabamba"]
[Date "2009.04.10"]
[Round "5"]
[White "Macias, Bryan"]
[Black "Fernandez, Fernando"]
[Result "1-0"]
[WhiteElo "2299"]
[BlackElo "2317"]
[PlyCount "93"]
[EventType "tourn"]
[EventCountry "BOL"]
[SourceDate "2009.04.08"]

1. e4 c5 2. Nf3 d6 3. d4 cxd4 4. Nxd4 Nf6 5. Nc3 g6 6. Be3 Bg7 7. f3 O-O 8. Bc4
Nc6 9. Qd2 Bd7 10. O-O-O Rc8 11. Bb3 Ne5 12. Kb1 Re8 13. h4 h5 14. Bg5 Rc5 15.
Rhe1 Qa5 16. g4 hxg4 17. f4 Nc4 18. Bxc4 Rxc4 19. Nb3 Qa6 20. e5 Nh7 21. exd6
Nxg5 22. dxe7 Bf5 23. hxg5 b5 24. Qd8 Rc8 25. Qxe8+ Rxe8 26. Rd8 Bd7 27. Rxd7
Bxc3 28. Rd8 Qc6 29. bxc3 Kg7 30. Rxe8 Qxe8 31. Nd4 g3 32. f5 f6 33. gxf6+ Kxf6
34. Re6+ Kg7 35. Rxg6+ Kf7 36. Re6 g2 37. Nf3 Kg7 38. Kc1 a5 39. Kd2 b4 40. c4
a4 41. Ke2 b3 42. cxb3 axb3 43. axb3 Qh5 44. e8=Q g1=N+ 45. Kf2 Nh3+ 46. Kg3
Qxf5 47. Re7+ 1-0

[Event "V Torneo Sudamericano Sub-20, Absoluto"]
[Site "Cochabamba"]
[Date "2009.04.10"]
[Round "5"]
[White "Fier, Alexander"]
[Black "Diamant, Andre"]
[Result "1-0"]
[WhiteElo "2595"]
[BlackElo "2506"]
[PlyCount "89"]
[EventType "tourn"]
[EventCountry "BOL"]
[SourceDate "2009.04.08"]

1. d4 Nf6 2. c4 g6 3. Nc3 Bg7 4. e4 d6 5. Nf3 O-O 6. Be2 e5 7. O-O Nc6 8. d5
Ne7 9. b4 a5 10. Ba3 axb4 11. Bxb4 Re8 12. a4 Bf8 13. Nd2 c5 14. Ba3 Bg7 15.
Nb5 Rf8 16. Bb2 Ra6 17. Ra3 Nd7 18. Qa1 Bh6 19. Rd1 f5 20. exf5 gxf5 21. g3 Ng6
22. Bh5 Nf6 23. Bxg6 hxg6 24. Nf3 f4 25. Re1 Ng4 26. h3 fxg3 27. fxg3 Nf6 28.
Kg2 Qd7 29. Ng1 Qf5 30. Re2 Nh5 31. Qe1 Qg5 32. Kh2 Rf7 33. Bc3 Nf6 34. Kg2 Rh7
35. Nxd6 Rxd6 36. Bxe5 Ra6 37. Bxf6 Rxf6 38. Re8+ Rf8 39. Rxc8 Rxc8 40. Qe6+
Rf7 41. Qxc8+ Kg7 42. Qe6 Qc1 43. Rf3 Rxf3 44. Nxf3 Qxc4 45. Qxg6+ 1-0

[Event "V Torneo Sudamericano Sub-20, Absoluto"]
[Site "Cochabamba"]
[Date "2009.04.10"]
[Round "5"]
[White "Guerra, Lenin"]
[Black "Gallego, Andres"]
[Result "0-1"]
[WhiteElo "2343"]
[BlackElo "2373"]
[PlyCount "128"]
[EventType "tourn"]
[EventCountry "BOL"]
[SourceDate "2009.04.08"]

1. e4 c5 2. Nf3 Nc6 3. d4 cxd4 4. Nxd4 Nf6 5. Nc3 d6 6. Bg5 e6 7. Qd2 a6 8.
O-O-O Bd7 9. f4 h6 10. Bxf6 Qxf6 11. Nf3 Qd8 12. e5 dxe5 13. fxe5 Bb4 14. a3
Ba5 15. Qe3 Bxc3 16. Qxc3 Qc7 17. Bd3 O-O-O 18. Rhe1 Ne7 19. Qxc7+ Kxc7 20. Nd2
Bc6 21. Nc4 Nd5 22. Rf1 Rd7 23. Rde1 b5 24. Nd2 Nb6 25. Rf2 Re7 26. Nb3 Ra8 27.
g4 Nd7 28. h4 Bd5 29. Nd4 Rf8 30. b3 Nc5 31. Kd2 Rd7 32. Ke3 Rfd8 33. Rd1 Bb7
34. Ne2 Kb6 35. b4 Nxd3 36. Rxd3 Bc6 37. Nf4 g5 38. hxg5 hxg5 39. Nh3 Rd5 40.
Kd2 Rxd3+ 41. cxd3 Be4 42. Nxg5 Rxd3+ 43. Ke2 Bg6 44. Nxf7 Rxa3 45. Nd8 a5 46.
Rf6 Bd3+ 47. Kd2 axb4 48. Nxe6 Bc4 49. Nd8+ Kc7 50. Ne6+ Kc6 51. Nd8+ Kc5 52.
Ne6+ Kd5 53. Nc7+ Kd4 54. Kc1 Ra1+ 55. Kb2 Ra2+ 56. Kb1 b3 57. Rd6+ Kxe5 58.
Rd1 Ke4 59. Re1+ Kf3 60. Rd1 Ke2 61. Nd5 Kxd1 62. Nc3+ Kd2 63. Nxa2 bxa2+ 64.
Ka1 Kc1 0-1

[Event "V Torneo Sudamericano Sub-20, Femenino"]
[Site "Cochabamba"]
[Date "2009.04.11"]
[Round "6"]
[White "Mendoza, Samantha"]
[Black "Borda, Carla"]
[Result "1/2-1/2"]
[WhiteElo "1827"]
[BlackElo "2022"]
[PlyCount "34"]
[EventCountry "BOL"]
[SourceDate "2009.04.08"]

1. d4 Nf6 2. c4 e6 3. Nf3 c5 4. g3 cxd4 5. Nxd4 Bb4+ 6. Bd2 Qb6 7. e3 Bc5 8.
Nb3 Qc6 9. f3 d5 10. Nxc5 Qxc5 11. cxd5 Nxd5 12. Qb3 Nc6 13. Bb5 O-O 14. Bxc6
Qxc6 15. O-O Nb6 16. Qc3 Bd7 17. Qxc6 Bxc6 1/2-1/2

[Event "V Torneo Sudamericano Sub-20, Femenino"]
[Site "Cochabamba"]
[Date "2009.04.11"]
[Round "6"]
[White "Heredia, Carla"]
[Black "Feliciano, Vanessa"]
[Result "1-0"]
[WhiteElo "2097"]
[BlackElo "2112"]
[PlyCount "53"]
[EventCountry "BOL"]
[SourceDate "2009.04.08"]

1. Nc3 c5 2. e4 e6 3. Nf3 Nc6 4. d4 cxd4 5. Nxd4 Nf6 6. Ndb5 d6 7. Bg5 a6 8.
Nd4 Be7 9. Qd2 h6 10. Bh4 Qc7 11. Be2 b5 12. Nxc6 Qxc6 13. Bf3 Qc5 14. O-O Rb8
15. Rad1 b4 16. Na4 Qa5 17. Bxf6 gxf6 18. b3 Qe5 19. Qe3 Bd7 20. Qa7 Rd8 21.
Rfe1 a5 22. Qe3 f5 23. exf5 Qxf5 24. Nb6 Bb5 25. Rd5 Qxc2 26. Rxb5 Bg5 27. Qe2
1-0

[Event "V Torneo Sudamericano Sub-20, Femenino"]
[Site "Cochabamba"]
[Date "2009.04.11"]
[Round "6"]
[White "Orejuela, Paulina"]
[Black "Cordero, Daniela"]
[Result "1-0"]
[WhiteElo "1883"]
[BlackElo "1969"]
[PlyCount "51"]
[EventCountry "BOL"]
[SourceDate "2009.04.08"]

1. e4 c6 2. d4 d5 3. f3 e6 4. Nc3 Bb4 5. Nge2 b6 6. Be3 Ba6 7. Bf2 Nd7 8. Qd2
Qf6 9. a3 Bxc3 10. Nxc3 Bxf1 11. Rxf1 Ne7 12. O-O-O O-O 13. Be3 Qg6 14. g4 dxe4
15. fxe4 f6 16. Rg1 Rfd8 17. Qe2 Qf7 18. h4 b5 19. Rdf1 a5 20. e5 f5 21. gxf5
Nxf5 22. Ne4 Nb6 23. Bh6 g6 24. Nd6 Rxd6 25. exd6 Nxd4 26. Qe3 1-0

[Event "V Torneo Sudamericano Sub-20, Femenino"]
[Site "Cochabamba"]
[Date "2009.04.11"]
[Round "6"]
[White "Estrada, Lucia"]
[Black "Romero, Abigail"]
[Result "0-1"]
[WhiteElo "1887"]
[BlackElo "2057"]
[PlyCount "120"]
[EventCountry "BOL"]
[SourceDate "2009.04.08"]

1. d4 Nf6 2. Bf4 g6 3. c4 Bg7 4. Nc3 d5 5. cxd5 Nxd5 6. Nxd5 Qxd5 7. Bxc7 Qxd4
8. Qxd4 Bxd4 9. O-O-O Na6 10. Rxd4 Nxc7 11. e4 Be6 12. Kb1 O-O 13. Ne2 Nb5 14.
Rb4 Nd6 15. Nc3 a5 16. Rd4 Rac8 17. Be2 Rc5 18. Rhd1 Rfc8 19. f3 Kf8 20. Nd5
R8c6 21. Nf4 Bc4 22. Bxc4 Nxc4 23. Rd5 Ne3 24. Rxc5 Rxc5 25. Re1 Nc4 26. Re2
Rc6 27. Nd5 e6 28. Ne3 Ne5 29. Rd2 Ke7 30. Rd1 Rc5 31. a3 b5 32. Rd2 f5 33.
exf5 gxf5 34. f4 Nd7 35. g3 Nf6 36. Nc2 Ne4 37. Re2 Rd5 38. Kc1 h5 39. Ne1 a4
40. Nf3 Nc5 41. Re3 Nb3+ 42. Kc2 Na1+ 43. Kc1 Kd6 44. Rc3 Nb3+ 45. Kc2 Nc5 46.
Ne5 Ke7 47. Nc6+ Kd6 48. Ne5 Rd4 49. Nf3 Re4 50. Kd1 Kd5 51. Nd2 Rd4 52. Ke2 b4
53. Re3 Ne4 54. Nf3 Rc4 55. Rd3+ Kc5 56. Ne1 b3 57. Rd8 Nd6 58. Nd3+ Kd5 59.
Nb4+ Rxb4 60. axb4 a3 0-1

[Event "V Torneo Sudamericano Sub-20, Absoluto"]
[Site "Cochabamba"]
[Date "2009.04.11"]
[Round "6"]
[White "Diamant, Andre"]
[Black "Gemy, Jose"]
[Result "1-0"]
[WhiteElo "2506"]
[BlackElo "2188"]
[PlyCount "51"]
[EventType "tourn"]
[EventCountry "BOL"]
[SourceDate "2009.04.08"]

1. e4 c5 2. Nf3 Nc6 3. d4 cxd4 4. Nxd4 e6 5. Nc3 Nf6 6. Ndb5 d6 7. Bf4 e5 8.
Bg5 a6 9. Na3 b5 10. Nd5 Be7 11. Bxf6 gxf6 12. g3 f5 13. Bg2 Ra7 14. exf5 Bxf5
15. O-O O-O 16. c3 Bg6 17. Nc2 f5 18. a4 Bg5 19. Ncb4 Na5 20. axb5 axb5 21. f4
Bh6 22. Qe2 Qe8 23. Qf2 Qb8 24. Rxa5 Rxa5 25. Nc6 Qa8 26. Nc7 1-0

[Event "V Torneo Sudamericano Sub-20, Absoluto"]
[Site "Cochabamba"]
[Date "2009.04.11"]
[Round "6"]
[White "Fernandez, Fernando"]
[Black "Mendoza, Rodrigo"]
[Result "1-0"]
[WhiteElo "2317"]
[BlackElo "1924"]
[PlyCount "65"]
[EventType "tourn"]
[EventCountry "BOL"]
[SourceDate "2009.04.08"]

1. Nf3 Nf6 2. c4 c6 3. d4 d5 4. e3 e6 5. b3 Bd6 6. Bd3 Nbd7 7. O-O b6 8. Nbd2
O-O 9. Bb2 Re8 10. Ne5 Bb7 11. f4 c5 12. Ndf3 h6 13. Qe2 Ne4 14. cxd5 exd5 15.
Bb5 Nef6 16. Nxd7 Nxd7 17. Ne5 Bxe5 18. fxe5 a6 19. Bd3 b5 20. Qg4 c4 21. Rxf7
Qg5 22. Qxg5 hxg5 23. Rxd7 Bc8 24. Bf5 Bxd7 25. Bxd7 Red8 26. Be6+ Kh7 27. Ba3
a5 28. Bd6 a4 29. b4 Ra6 30. Bxd5 Raxd6 31. exd6 Rxd6 32. Be4+ Kg8 33. Rf1 1-0

[Event "V Torneo Sudamericano Sub-20, Absoluto"]
[Site "Cochabamba"]
[Date "2009.04.11"]
[Round "6"]
[White "Sartori, Sergio"]
[Black "Parada, Felipe"]
[Result "1-0"]
[WhiteElo "2051"]
[BlackElo "1960"]
[PlyCount "45"]
[EventType "tourn"]
[EventCountry "BOL"]
[SourceDate "2009.04.08"]

1. e4 e5 2. Nc3 Nc6 3. Bc4 Nf6 4. d3 Bc5 5. Bg5 h6 6. Bh4 d6 7. Nd5 g5 8. Bg3
Be6 9. h4 g4 10. h5 Bxd5 11. Bxd5 Qd7 12. Bh4 Nxd5 13. exd5 Ne7 14. c4 Bb4+ 15.
Kf1 f5 16. d4 exd4 17. Qxd4 Rh7 18. Ne2 Bc5 19. Qf6 O-O-O 20. Nf4 Re8 21. Re1
Qa4 22. b3 Qxa2 23. Qxf5+ 1-0

[Event "V Torneo Sudamericano Sub-20, Absoluto"]
[Site "Cochabamba"]
[Date "2009.04.11"]
[Round "6"]
[White "Macias, Bryan"]
[Black "Fier, Alexander"]
[Result "1-0"]
[WhiteElo "2299"]
[BlackElo "2595"]
[PlyCount "65"]
[EventType "tourn"]
[EventCountry "BOL"]
[SourceDate "2009.04.08"]

1. d4 Nf6 2. c4 e6 3. Nc3 Bb4 4. e3 O-O 5. Bd3 d5 6. Nf3 c5 7. O-O Nc6 8. a3
Bxc3 9. bxc3 dxc4 10. Bxc4 Qc7 11. Be2 b6 12. c4 Na5 13. Bb2 cxd4 14. Qxd4 Nc6
15. Qh4 e5 16. Rac1 Ba6 17. Ng5 Bb7 18. f4 h6 19. Nf3 Nd7 20. Qg3 f6 21. c5
Nxc5 22. fxe5 Nxe5 23. Bc4+ Kh8 24. Nxe5 fxe5 25. Bxe5 Qe7 26. Rxf8+ Rxf8 27.
Bd6 Qe8 28. Bxf8 Qxf8 29. Rf1 Qd8 30. Rf7 Qg5 31. Rf8+ Kh7 32. Bg8+ Kg6 33.
Bf7+ 1-0

[Event "V Torneo Sudamericano Sub-20, Absoluto"]
[Site "Cochabamba"]
[Date "2009.04.11"]
[Round "6"]
[White "Espinoza, Willian"]
[Black "Guerra, Lenin"]
[Result "1-0"]
[WhiteElo "2281"]
[BlackElo "2343"]
[PlyCount "59"]
[EventType "tourn"]
[EventCountry "BOL"]
[SourceDate "2009.04.08"]

1. e4 c5 2. Nf3 e6 3. d4 cxd4 4. Nxd4 Nc6 5. Nc3 Qc7 6. Be2 a6 7. O-O Nf6 8.
Be3 b5 9. a3 Bb7 10. f4 d6 11. Kh1 Be7 12. Qe1 Nxd4 13. Bxd4 e5 14. fxe5 dxe5
15. Qg3 O-O 16. Bxe5 Qb6 17. Nd5 Bxd5 18. exd5 Ne8 19. Bd3 Bd6 20. Qh4 g6 21.
Bc3 Qc7 22. Rae1 Rd8 23. Rf3 f6 24. Qg4 Qg7 25. a4 b4 26. Bxb4 f5 27. Qc4 Qxb2
28. Bc3 Qb8 29. Qd4 Nf6 30. Re6 1-0

[Event "V Torneo Sudamericano Sub-20, Absoluto"]
[Site "Cochabamba"]
[Date "2009.04.11"]
[Round "6"]
[White "Diaz, Ciro"]
[Black "Gallego, Andres"]
[Result "1/2-1/2"]
[WhiteElo "2347"]
[BlackElo "2373"]
[PlyCount "99"]
[EventType "tourn"]
[EventCountry "BOL"]
[SourceDate "2009.04.08"]

1. e4 c5 2. Nf3 Nc6 3. d4 cxd4 4. Nxd4 Nf6 5. Nc3 e5 6. Ndb5 d6 7. Bg5 a6 8.
Na3 b5 9. Nd5 Qa5+ 10. Bd2 Qd8 11. Bg5 Be7 12. Bxf6 Bxf6 13. c4 b4 14. Nc2 a5
15. Qf3 Be7 16. a3 bxa3 17. Qxa3 Rb8 18. Bd3 O-O 19. O-O Bg5 20. Nc3 Be6 21.
Nb5 Be7 22. Qc3 Qb6 23. b3 Ra8 24. Ra4 Rac8 25. Qa1 g6 26. Ne3 Bg5 27. Nd1 Qb8
28. Ndc3 Bd8 29. Rd1 Bb6 30. Be2 Nd4 31. Qa2 f5 32. exf5 Bxf5 33. c5 Rxc5 34.
Raxd4 Rxc3 35. Bc4+ Rxc4 36. Rxc4 Bd7 37. Nxd6 Rxf2 38. Qxf2 Bxf2+ 39. Kxf2
Qxb3 40. Rcc1 Qb2+ 41. Kg1 Be6 42. Nc4 Bxc4 43. Rxc4 Qb6+ 44. Kh1 Qb3 45. Rcc1
Kg7 46. Re1 Qb5 47. Rb1 Qd5 48. Rbd1 Qb5 49. Rb1 Qe8 50. Ra1 1/2-1/2

[Event "V Torneo Sudamericano Sub-20, Absoluto"]
[Site "Cochabamba"]
[Date "2009.04.11"]
[Round "6"]
[White "Morales, Peña"]
[Black "Rozo, Paulo"]
[Result "1-0"]
[WhiteElo "2111"]
[BlackElo "1924"]
[PlyCount "125"]
[EventType "tourn"]
[EventCountry "BOL"]
[SourceDate "2009.04.08"]

1. e4 e5 2. Nf3 Nc6 3. Nc3 Nf6 4. d4 Bb4 5. Nxe5 Nxe4 6. Qg4 Nxc3 7. Qxg7 Ne4+
8. c3 Qf6 9. Qxf6 Nxf6 10. Nxc6 Bxc3+ 11. bxc3 dxc6 12. Bd3 Be6 13. O-O Rg8 14.
Re1 O-O-O 15. Bb2 c5 16. f3 cxd4 17. cxd4 Rg5 18. Bf1 Nd5 19. a3 Rd6 20. Re5
Rg8 21. Kf2 Rc6 22. Rc1 Rb6 23. Rc2 Kd7 24. Bc1 Ne7 25. Bd3 c6 26. h3 Rb3 27.
Bf1 b5 28. Rec5 Bd5 29. R2c3 Rxc3 30. Rxc3 a5 31. Rc5 a4 32. Bd2 Re8 33. Bd3 h5
34. Bg5 Kd6 35. Rc1 Ng6 36. Bd2 Nf8 37. Bb4+ Kd7 38. Rc5 Rb8 39. Bxb5 Rxb5 40.
Rxb5 cxb5 41. Bxf8 f5 42. Ke3 Ke6 43. Kf4 Kf6 44. Bb4 Bc4 45. Bc3 Bd5 46. Bb2
Ke6 47. g4 fxg4 48. fxg4 hxg4 49. Kxg4 Kf6 50. h4 Kg6 51. Bc3 Be6+ 52. Kf4 Kh5
53. Be1 Bc4 54. Ke5 Kg6 55. d5 Kf7 56. Kd6 Ke8 57. Kc6 Be2 58. d6 Bf3+ 59. Kc7
Bg4 60. Bd2 Be6 61. h5 Bf5 62. h6 b4 63. h7 1-0

[Event "V Torneo Sudamericano Sub-20, Femenino"]
[Site "Cochabamba"]
[Date "2009.04.12"]
[Round "7"]
[White "Feliciano, Vanessa"]
[Black "Estrada, Lucia"]
[Result "1-0"]
[WhiteElo "2112"]
[BlackElo "1887"]
[PlyCount "77"]
[EventCountry "BOL"]
[SourceDate "2009.04.08"]

1. e4 e6 2. d4 d5 3. Nc3 Bb4 4. e5 Ne7 5. a3 Bxc3+ 6. bxc3 c5 7. h4 Nbc6 8. h5
Bd7 9. h6 g6 10. Nf3 c4 11. Bg5 Qa5 12. Qd2 Ng8 13. Nh2 Nce7 14. Ng4 O-O-O 15.
Rh3 Re8 16. Rf3 Nf5 17. Nf6 Nxf6 18. Bxf6 Rhg8 19. g4 Ne7 20. Bg7 Nc6 21. Rxf7
Re7 22. Rf6 Be8 23. Bf8 Rf7 24. Rxf7 Bxf7 25. Bd6 g5 26. Bh3 Qd8 27. O-O-O Rg6
28. Rh1 Rg8 29. Rf1 Nb8 30. f4 gxf4 31. Qxf4 Bg6 32. g5 Re8 33. Qf6 Qd7 34. Qg7
Na6 35. Rf6 Be4 36. Rf7 Qc6 37. Re7 Bf5 38. Bxf5 exf5 39. Qxh7 1-0

[Event "V Torneo Sudamericano Sub-20, Femenino"]
[Site "Cochabamba"]
[Date "2009.04.12"]
[Round "7"]
[White "Borda, Carla"]
[Black "Vargas, Gabriela"]
[Result "1-0"]
[WhiteElo "2022"]
[BlackElo "2090"]
[PlyCount "119"]
[EventCountry "BOL"]
[SourceDate "2009.04.08"]

1. e4 d5 2. exd5 Nf6 3. d4 Nxd5 4. Nf3 Bg4 5. Be2 Nc6 6. c4 Nb6 7. d5 Bxf3 8.
Bxf3 Ne5 9. b3 e6 10. O-O Nxf3+ 11. Qxf3 exd5 12. Re1+ Be7 13. Ba3 Nc8 14. Qe2
Kf8 15. cxd5 Bxa3 16. Nxa3 Nd6 17. Nc4 f6 18. Rac1 Qd7 19. Nxd6 cxd6 20. Qe6
Qxe6 21. Rxe6 Kf7 22. Rc7+ Kg6 23. Rxd6 Rhc8 24. Rdd7 Rxc7 25. Rxc7 Rd8 26.
Rxb7 Rxd5 27. g3 Ra5 28. a4 f5 29. Kg2 a6 30. h3 Kf6 31. g4 fxg4 32. hxg4 h6
33. Kg3 Kg6 34. Rb6+ Kf7 35. Kf4 g6 36. Ke4 h5 37. gxh5 gxh5 38. f4 Kg7 39. f5
h4 40. Rg6+ Kf7 41. Rh6 Rc5 42. Rxh4 Rc3 43. Rh7+ Ke8 44. Rb7 Rc5 45. b4 Rc1
46. Ke5 Rc6 47. b5 axb5 48. axb5 Rh6 49. f6 Rh1 50. f7+ Kf8 51. Kd5 Rh4 52. Kc5
Kg7 53. Rc7 Rh6 54. b6 Rh5+ 55. Kc6 Rh1 56. b7 Rc1+ 57. Kb6 Rb1+ 58. Ka5 Ra1+
59. Kb4 Rb1+ 60. Ka3 1-0

[Event "V Torneo Sudamericano Sub-20, Femenino"]
[Site "Cochabamba"]
[Date "2009.04.12"]
[Round "7"]
[White "Romero, Abigail"]
[Black "Mendoza, Samantha"]
[Result "1-0"]
[WhiteElo "2057"]
[BlackElo "1827"]
[PlyCount "69"]
[EventCountry "BOL"]
[SourceDate "2009.04.08"]

1. e4 b6 2. d4 Bb7 3. Bd3 e6 4. Nf3 Nf6 5. Qe2 Be7 6. a3 d5 7. e5 Nfd7 8. O-O
O-O 9. h4 c5 10. c3 a5 11. Ng5 h6 12. Qh5 Ba6 13. Bc2 Bxf1 14. Nxe6 fxe6 15.
Qg6 Rf6 16. exf6 Bxf6 17. Kxf1 Nf8 18. Qg4 cxd4 19. cxd4 Qc7 20. Nc3 Qc4+ 21.
Kg1 Qxd4 22. Qf3 Bxh4 23. Be3 Qf6 24. Qd1 Qd8 25. Bb3 Kh8 26. Qd2 Bg5 27. f4
Bf6 28. Rd1 Nc6 29. Ne2 Rb8 30. f5 exf5 31. Bc2 Bxb2 32. Bxf5 Bxa3 33. Nd4 Nxd4
34. Bxd4 Bc5 35. Qxh6+ 1-0

[Event "V Torneo Sudamericano Sub-20, Femenino"]
[Site "Cochabamba"]
[Date "2009.04.12"]
[Round "7"]
[White "Cordero, Daniela"]
[Black "Heredia, Carla"]
[Result "0-1"]
[WhiteElo "1969"]
[BlackElo "2097"]
[PlyCount "90"]
[EventCountry "BOL"]
[SourceDate "2009.04.08"]

1. Nf3 Nf6 2. g3 g6 3. Bg2 Bg7 4. O-O O-O 5. c4 d6 6. Nc3 Nbd7 7. d3 Nh5 8. Qc2
e5 9. b4 a5 10. Rb1 axb4 11. Rxb4 Nc5 12. Bg5 Nf6 13. h3 c6 14. Nd2 Ne6 15.
Bxf6 Bxf6 16. Nde4 Be7 17. Rbb1 f5 18. Nd2 Nd4 19. Qd1 Qa5 20. Rc1 Bg5 21. e3
Ne6 22. Nf3 Bf6 23. Nd2 Qd8 24. Kh2 Kg7 25. Qc2 h5 26. Ne2 Qa5 27. Nc3 Qc7 28.
Rb1 h4 29. Ne2 hxg3+ 30. fxg3 Bg5 31. Rf3 Bf6 32. Nb3 Nc5 33. Nc3 Be6 34. Rd1
Bf7 35. d4 e4 36. Rf2 Nd3 37. Rxd3 exd3 38. Qxd3 c5 39. dxc5 dxc5 40. Nb5 Qe7
41. e4 Rad8 42. Qc2 fxe4 43. Bxe4 Be5 44. Bg2 Qh4 45. Rf3 Qxc4 0-1

[Event "V Torneo Sudamericano Sub-20, Absoluto"]
[Site "Cochabamba"]
[Date "2009.04.12"]
[Round "7"]
[White "Diaz, Ciro"]
[Black "Diamant, Andre"]
[Result "0-1"]
[WhiteElo "2347"]
[BlackElo "2506"]
[PlyCount "56"]
[EventType "tourn"]
[EventCountry "BOL"]
[SourceDate "2009.04.08"]

1. e4 c5 2. Nf3 e6 3. d4 cxd4 4. Nxd4 Nc6 5. Nb5 d6 6. c4 Nf6 7. N1c3 a6 8. Na3
Be7 9. Be2 O-O 10. O-O b6 11. Be3 Bb7 12. f4 Qc7 13. Bf3 Rac8 14. Rc1 Nb8 15.
g4 Nfd7 16. g5 f5 17. exf5 Bxf3 18. Qxf3 Rxf5 19. Qh3 Nc6 20. Nd5 Qd8 21. Nc2
Qf8 22. Nxb6 Nxb6 23. Bxb6 Rb8 24. Qe3 e5 25. a4 exf4 26. Qf2 Rxg5+ 27. Kh1 Ne5
28. a5 Rxb6 0-1

[Event "V Torneo Sudamericano Sub-20, Absoluto"]
[Site "Cochabamba"]
[Date "2009.04.12"]
[Round "7"]
[White "Fier, Alexander"]
[Black "Fernandez, Fernando"]
[Result "1-0"]
[WhiteElo "2595"]
[BlackElo "2317"]
[PlyCount "97"]
[EventType "tourn"]
[EventCountry "BOL"]
[SourceDate "2009.04.08"]

1. d4 Nf6 2. c4 e6 3. Nc3 Bb4 4. Qc2 O-O 5. Bg5 c5 6. d5 h6 7. Bh4 d6 8. e3 e5
9. Bd3 Qe7 10. f3 Re8 11. e4 Bxc3+ 12. bxc3 Nbd7 13. Ne2 Nf8 14. g4 Ng6 15. Bg3
h5 16. h3 Nh7 17. gxh5 Nf4 18. Bxf4 exf4 19. h4 f5 20. Nxf4 fxe4 21. fxe4 Qe5
22. Rf1 Bg4 23. Ne2 Bxe2 24. Bxe2 Qg3+ 25. Kd2 Nf6 26. Bd3 b5 27. Rae1 bxc4 28.
Bxc4 Qxh4 29. Kc1 Nxe4 30. Bd3 Nf6 31. Re6 Rab8 32. Bg6 Rf8 33. Rg1 Qf4+ 34.
Qd2 Nxd5 35. Qxf4 Nxf4 36. Re7 Rf6 37. Bc2 Nxh5 38. Bd1 Kf8 39. Rxa7 Nf4 40.
Raxg7 Rb6 41. Rg8+ Kf7 42. R1g7+ Ke6 43. Re8+ Kd5 44. Bb3+ Kc6 45. Rc8+ Kb5 46.
Ra7 Ra6 47. Rb8+ Ka5 48. Rab7 Rc6 49. Bc4 1-0

[Event "V Torneo Sudamericano Sub-20, Absoluto"]
[Site "Cochabamba"]
[Date "2009.04.12"]
[Round "7"]
[White "Gemy, Jose"]
[Black "Sartori, Sergio"]
[Result "1-0"]
[WhiteElo "2188"]
[BlackElo "2051"]
[PlyCount "93"]
[EventType "tourn"]
[EventCountry "BOL"]
[SourceDate "2009.04.08"]

1. Nf3 d6 2. d4 g6 3. c4 Bg7 4. Nc3 Nf6 5. e4 O-O 6. Be2 e5 7. O-O Nc6 8. d5
Ne7 9. b4 a5 10. Ba3 axb4 11. Bxb4 Nd7 12. a4 Bh6 13. Ra3 f5 14. Nd2 Nf6 15. f3
c5 16. dxc6 Qb6+ 17. Kh1 Qxb4 18. Rb3 Qa5 19. cxb7 Bxb7 20. Rxb7 Qxc3 21. Nb1
Qe3 22. Rxe7 fxe4 23. Re1 Rab8 24. Re6 Rb2 25. Rxd6 Qf2 26. Nc3 exf3 27. Bxf3
Ng4 28. Ne4 Qh4 29. Bxg4 Bf4 30. Bh3 Rc2 31. Rf1 Rb2 32. Qg4 Qe7 33. Qe6+ Qxe6
34. Bxe6+ Kg7 35. g3 Re2 36. Nc3 Rc2 37. Nb5 Bxg3 38. Rd7+ Kh6 39. Rxf8 Rxh2+
40. Kg1 Ra2 41. Rf3 Bh2+ 42. Kf1 Kg5 43. Rf2 Ra1+ 44. Kg2 Bf4 45. Rxh7 Rxa4 46.
c5 Be3 47. Rc2 1-0